| 000 | 00000nam##2200000za#4500 |
| 001 | 9.646646 |
| 003 | CaOODSP |
| 005 | 20200514165819 |
| 007 | ta |
| 008 | 150407|1997||||xxc||||| f|0| 0 eng|d |
| 020 | |a0-662-25909-2 |
| 040 | |aCaOODSP|beng |
| 043 | |an-cn--- |
| 086 | 1 |aNH15-180/1997E |
| 110 | 2 |aCanada Mortgage and Housing Corporation. |
| 245 | 10|aRadon: a guide for Canadian homeowners |
| 260 | |aOttawa - Ontario : |bCanada Mortgage and Housing Corporation |c1997. |
| 300 | |a40p. : |bfigs. ; |c22 cm. |
| 500 | |aContents: Introduction.--Measuring radon levels.--Reducing radon levels.--Dealing with contractors.--Questions and answers.--Where to get more information. |
| 563 | |aSoftcover |
| 590 | |a98-02|b1998-01-09 |
| 690 | 07|aAir quality|2gcpds |
| 690 | 07|aHousing|2gcpds |
| 775 | 08|tLe radon: guide à l'usage des propriétaires canadiens |w(CaOODSP)9.680169 |
| 776 | 0#|tRadon |w(CaOODSP)9.695886 |